NHL Teams by Year - Statistics

General Stats
  • This quiz has been taken 31 times
  • The average score is 25 of 32
Answer Stats
Hint Answer % Correct
1924 Boston Bruins
93%
1917 Montreal Canadiens
93%
1926 Chicago Blackhawks
89%
1926 New York Rangers
89%
1927 Toronto Maple Leafs
89%
1972 Calgary Flames
86%
1932 Detroit Red Wings
86%
1964 Los Angeles Kings
86%
1992 Ottawa Senators
86%
1967 Philadelphia Flyers
86%
1967 St. Louis Blues
86%
1993 Anaheim Ducks
82%
1995 Colorado Avalanche
82%
1979 Edmonton Oilers
82%
1972 New York Islanders
82%
1967 Pittsburgh Penguins
82%
2000 Columbus Blue Jackets
79%
1993 Dallas Stars
79%
1991 San Jose Sharks
79%
2011 Winnipeg Jets
79%
2000 Minnesota Wild
75%
2018 Seattle Kraken
75%
1992 Tampa Bay Lightning
75%
1970 Vancouver Canucks
75%
1996 Arizona Coyotes
71%
1993 Florida Panthers
71%
1974 Washington Capitals
71%
1997 Carolina Hurricanes
68%
1998 Nashville Predators
68%
1970 Buffalo Sabres
64%
1982 New Jersey Devils
64%
2016 Las Vegas Golden Knights
25%
No matching quizzes found
Score Distribution
Percent of People with Each Score
Percentile by Number Answered
Your Score History
You have not taken this quiz